<?xml version="1.0" encoding="UTF-8"?>
<record
    xmlns:xsi="http://www.w3.org/2001/XMLSchema-instance"
    xsi:schemaLocation="http://www.loc.gov/MARC21/slim http://www.loc.gov/standards/marcxml/schema/MARC21slim.xsd"
    xmlns="http://www.loc.gov/MARC21/slim">

  <leader>00968cam a22002415a 4500</leader>
  <controlfield tag="001">8618360</controlfield>
  <controlfield tag="003">OSt</controlfield>
  <controlfield tag="005">20220918175246.0</controlfield>
  <controlfield tag="008">110414r20111866fr            000 0 fre d</controlfield>
  <datafield tag="035" ind1=" " ind2=" ">
    <subfield code="a">(NNC)8618360</subfield>
  </datafield>
  <datafield tag="040" ind1=" " ind2=" ">
    <subfield code="a">NNC</subfield>
    <subfield code="c">NNC</subfield>
  </datafield>
  <datafield tag="100" ind1="1" ind2=" ">
    <subfield code="a">Poli, Oscar de</subfield>
    <subfield code="q">(Philippe Fran&#xE7;ois Joseph),</subfield>
    <subfield code="d">1838-1908.</subfield>
  </datafield>
  <datafield tag="245" ind1="1" ind2="0">
    <subfield code="a">Jean Poigne-d'acier :</subfield>
    <subfield code="b">r&#xE9;cits d'un vieux chouan /</subfield>
    <subfield code="c">Oscar de Poli ; pr&#xE9;c&#xE9;d&#xE9;s d'une Etude historique sur les Vend&#xE9;ens et les Chouans / par Attale Du Cournau.</subfield>
  </datafield>
  <datafield tag="260" ind1=" " ind2=" ">
    <subfield code="a">Ingrandes-sur-Loire :</subfield>
    <subfield code="b">[D. Lambert de La Douasnerie],</subfield>
    <subfield code="c">2011.</subfield>
  </datafield>
  <datafield tag="300" ind1=" " ind2=" ">
    <subfield code="a">1 v. in 4 (xli, 240 p.) ;</subfield>
    <subfield code="c">30 cm.</subfield>
  </datafield>
  <datafield tag="490" ind1="1" ind2=" ">
    <subfield code="a">Paroisses et soldats de l'arm&#xE9;e vend&#xE9;enne ;</subfield>
    <subfield code="v">241-(1-4)</subfield>
  </datafield>
  <datafield tag="500" ind1=" " ind2=" ">
    <subfield code="a">Originally published: Paris : Michel L&#xE9;vy fr&#xE8;res, 1866.</subfield>
  </datafield>
  <datafield tag="740" ind1="0" ind2="2">
    <subfield code="a">Etude historique sur les Vend&#xE9;ens et les Chouans.</subfield>
  </datafield>
  <datafield tag="830" ind1=" " ind2="0">
    <subfield code="a">Paroisses et soldats de l'arm&#xE9;e vend&#xE9;enne ;</subfield>
    <subfield code="v">241-(1-4)</subfield>
  </datafield>
  <datafield tag="942" ind1=" " ind2=" ">
    <subfield code="2">ddc</subfield>
    <subfield code="c">BK</subfield>
  </datafield>
  <datafield tag="948" ind1="0" ind2=" ">
    <subfield code="a">20110414</subfield>
    <subfield code="b">b</subfield>
    <subfield code="c">dm820</subfield>
    <subfield code="d">MPS</subfield>
  </datafield>
  <datafield tag="999" ind1=" " ind2=" ">
    <subfield code="c">8</subfield>
    <subfield code="d">8</subfield>
  </datafield>
  <datafield tag="952" ind1=" " ind2=" ">
    <subfield code="0">0</subfield>
    <subfield code="1">0</subfield>
    <subfield code="2">ddc</subfield>
    <subfield code="4">0</subfield>
    <subfield code="6">123333_000000000000000</subfield>
    <subfield code="7">1</subfield>
    <subfield code="a">PAULUS</subfield>
    <subfield code="b">PAULUS</subfield>
    <subfield code="d">2012-03-19</subfield>
    <subfield code="l">0</subfield>
    <subfield code="o">123333</subfield>
    <subfield code="r">2012-03-19 00:00:00</subfield>
    <subfield code="w">2012-03-19</subfield>
    <subfield code="y">BK</subfield>
  </datafield>
</record>
